LOL de A à Z (difficile) - Statistiques

Statistiques générales
  • Ce quiz a été pris 397 fois
  • Le résultat moyen est 9 sur 26
Statistiques - réponses
Hint Réponse % Correct
A. Ascendant de Shurima qui a cherché à reconquérir son empire après sa résurrection. Azir
94%
B. Île portuaire de Runeterra connue pour ses pirates, son commerce dangereux et ses intrigues politiques. Bilgewater
69%
H. Chevaucheur spectral des Îles Obscures qui terrorise les champs de bataille. Hecarim
60%
L. Rayon magique final utilisé par une prodige de Demacia. Lux
54%
V. Ancienne criminelle de Piltover devenue garde et experte en combats rapprochés. Vi
53%
N. Guerrier canin de Shurima, gardien du désert. Nasus
52%
W. Expérimenté loup garou de Zaun, victime d’une malédiction chimique. Warwick
48%
J. Quel champion psychopathe de Ionia est un virtuose du meurtre. Jhin
45%
K. Assassin Noxien, célèbre pour ses lames et ses resets rapides. Katarina
45%
Y. Maître de la lame ionien, célèbre pour ses tornades et son mur de vent. Yasuo
45%
Z. Assassin des ombres, maître du shuriken et des téléportations. Zed
45%
O. Artilleur de Piltover, utilisant une sphère mécanique pour combattre. Orianna
44%
Q. Éclaireur de Demacia et pilote de griffon, expert en reconnaissance. Quinn
43%
X. Sorcier ascendant lié à l’énergie pure, ancien prisonnier de Shurima. Xerath
43%
S. Mage tacticien de Noxus, capable de manipuler la magie et la stratégie à grande échelle. Swain
39%
U. Monstre de Zaun, mélange de technologie et de chair, doté de capacités d’auto-renforcement. Urgot
39%
T. Spectre des Îles Obscures qui capture les âmes des ennemis tombés. Thresh
37%
M. Roi déchu des Îles Obscures et maître du marteau spectral. Mordekaiser
34%
R. Prédateur du Vide, capable de traquer les ennemis invisibles. Rengar
22%
P. Héros légendaire de Demacia, portant un bouclier massif et symbole de justice. Pantheon
18%
I. Ville d’Ionia, connue pour ses arts martiaux et sa magie spirituelle. Ionia
7%
C. Objet mythique qui donne un bouclier et augmente les dégâts magiques du porteur. Cristal de l’Archangle
0%
D. Capitale militaire de Noxus, connue pour sa puissance et ses intrigues politiques. Demos
0%
E. Dragon élémentaire qui confère des dégâts supplémentaires aux attaques. Dragon de l'infernal
0%
F. Monstre de la jungle qui régénère ses alliés et est très résistant. Feral Krug
0%
G. Machine volante inventée par Heimerdinger à Piltover pour la défense ou la guerre. Gadget Hextech
0%
Aucun quiz correspondant
Distribution des résultats
% des personnes avec chaque résultat
Percentile par nombre de réponses
Votre historique - résultats
Vous n’avez pas pris ce quiz